Afsana (Record no. 18526)

MARC details
000 -LEADER
fixed length control field 01476ngm a2200373 4500
003 - CONTROL NUMBER IDENTIFIER
control field dpl
005 - DATE AND TIME OF LATEST TRANSACTION
control field 2008111801571.0
007 - PHYSICAL DESCRIPTION FIXED FIELD--GENERAL INFORMATION
fixed length control field DVD
008 - FIXED-LENGTH DATA ELEMENTS--GENERAL INFORMATION
fixed length control field ||||||sp199 xxu|||||c ||| 00| 0 ng d
010 ## - LIBRARY OF CONGRESS CONTROL NUMBER
LC control number DVD-001108-1110
024 ## - OTHER STANDARD IDENTIFIER
Standard number or code TSDVD 1238
Terms of availability 45.00
035 ## - SYSTEM CONTROL NUMBER
System control number DVD-001108-1110
040 ## - CATALOGING SOURCE
Original cataloging agency DPL
Transcribing agency DPL
082 ## - DEWEY DECIMAL CLASSIFICATION NUMBER
Classification number DVD / AFSA
245 ## - TITLE STATEMENT
Title Afsana
Statement of responsibility, etc Deui Movie Tones Presents
Medium [videorecording] DVD/
246 ## - VARYING FORM OF TITLE
Title proper/short title .
260 ## - PUBLICATION, DISTRIBUTION, ETC. (IMPRINT)
Name of publisher, distributor, etc Super Cassettes Industries Limited
300 ## - PHYSICAL DESCRIPTION
Extent 1 videodisc DVD;
Other physical details sd., col. ;
Dimensions 4 3/4 in.
Type of unit DVD
440 ## - SERIES STATEMENT/ADDED ENTRY--TITLE
Title T Series Home Entertainment
538 ## - SYSTEM DETAILS NOTE
System details note Dolby Digital 5.1 - Hindi Subtitles: English
650 ## - SUBJECT ADDED ENTRY--TOPICAL TERM
Topical term or geographic name as entry element Motion Picture
700 ## - ADDED ENTRY--PERSONAL NAME
Personal name Mukerji, Dilip
700 ## - ADDED ENTRY--PERSONAL NAME
Personal name Brij
700 ## - ADDED ENTRY--PERSONAL NAME
Personal name Majrooh
700 ## - ADDED ENTRY--PERSONAL NAME
Personal name Gupta, Chitra
700 ## - ADDED ENTRY--PERSONAL NAME
Personal name Ashok Kumar
700 ## - ADDED ENTRY--PERSONAL NAME
Personal name Pradeep Kumar
700 ## - ADDED ENTRY--PERSONAL NAME
Personal name Padmini
942 ## - ADDED ENTRY ELEMENTS (KOHA)
Koha item type CD-ROMs, DVDs, VHS
Source of classification or shelving scheme Dewey Decimal Classification
Classification part DVD
Call number suffix AFSA
Holdings
Withdrawn status Lost status Source of classification or shelving scheme Damaged status Not for loan Home library Current library Date acquired Source of acquisition Cost, normal purchase price Total Checkouts Full call number Barcode Date last seen Date checked out Copy number Cost, replacement price Price effective from Koha item type Total Renewals
    Dewey Decimal Classification     Central Library Central Library 18/11/2008 Purchase 45.00 18 DVD AFSA DVD-001108 24/07/2014 18/07/2014 1 45.00 18/11/2008 CD-ROMs, DVDs, VHS  
    Dewey Decimal Classification     Patel Nagar Patel Nagar 18/11/2008 Purchase 45.00 3 DVD AFSA DVD-001110 03/05/2011 29/08/2009 1 45.00 18/11/2008 CD-ROMs, DVDs, VHS  
    Dewey Decimal Classification     Sarojini Nagar Sarojini Nagar 18/11/2008 Purchase 45.00 8 DVD AFSA DVD-001109 04/05/2013 20/04/2013 1 45.00 18/11/2008 CD-ROMs, DVDs, VHS 1

© Delhi Public Library
Hit Counter
free hit counter